00800nam a22002657a 4500001000700000003000900007005001700016007000300033008003500036040002200071082002900093100004300122245005700165260000600222264004700228300002800275336002700303337003500330338003000365490006200395490000600457650002200463650002300485650002600508001153DO-SdBPM20250801122715.0ta160817b1998 sp |||| 00| 0 spa d aBPMSUbspacBPMSU 4aPe863.6 bB916e 19982221 aBryce Echenique, Alfredod1939-eautor10aEn ausencia de los dioses /cAlfredo Bryce Echenique b  a[Barcelona] :bEditorial Alfaguara,c1998. a96 páginas :c21 cm. atextobtxt2rdacontent asin mediación bn2rdamedia  avolumen bnc2rdacarrier 0 aBiblioteca de Literatura Universal ;aGrandes autores,v71 v  7aCuentos peruanos. 7aLiteratura peruana 7aSociologíavCuentos